000 00476pab a2200181 454500
008 180718b2013 xxu||||| |||| 00| 0 eng d
100 _aBharadwaj, Prashant
245 _aEarly life health interventions and academic achievement
260 _c2013
300 _ap.1862-1891.
362 _aAug
650 _aHealth services
700 _aNeilson, Christopher
700 _aLoken, Katrine Vellesen
773 _aAmerican Economic Review
908 _aN
909 _a99151
999 _c99150
_d99150